Alkalmazott műszaki hőtan egyfokozatú hűtőkörfolyamatok T-s, p-v és lgp-h fázisváltozási diagramokban, a körfolyamatok termikus méretezése, két- és többfokozatú hűtőkörfolyamatok T-s, p-v és lgp-h fázisváltozási diagramokban, a körfolyamatok termikus méretezése : 7. előadás /
Elmentve itt :
| Szerző: | |
|---|---|
| Dokumentumtípus: | Könyv |
| Kulcsszavak: | hőtan műszaki |
| Tárgyszavak: | |
| Online Access: | http://eta.bibl.u-szeged.hu/760 |
| LEADER | 00896nnm a2200181 i 4500 | ||
|---|---|---|---|
| 001 | eta760 | ||
| 005 | 20200326130726.0 | ||
| 008 | 181115suuuu hu o 0|| hun d | ||
| 040 | |a SZTE Elektronikus Tananyag Archívum |b hun | ||
| 041 | |a hun | ||
| 100 | 2 | |a Keszthelyi-Szabó Gábor | |
| 245 | 1 | 0 | |a Alkalmazott műszaki hőtan |h [elektronikus dokumentum] : |b egyfokozatú hűtőkörfolyamatok T-s, p-v és lgp-h fázisváltozási diagramokban, a körfolyamatok termikus méretezése, két- és többfokozatú hűtőkörfolyamatok T-s, p-v és lgp-h fázisváltozási diagramokban, a körfolyamatok termikus méretezése : 7. előadás / |c Keszthelyi-Szabó Gábor |
| 300 | |a 29 | ||
| 516 | |a Book | ||
| 650 | 4 | |a Műszaki és technológiai tudományok | |
| 695 | |a hőtan | ||
| 695 | |a műszaki | ||
| 856 | 4 | 0 | |u https://eta.bibl.u-szeged.hu/760/1/keszthelyiszabogabor_alkalmazott_hotan_07_elaodas.pdf |z Dokumentum-elérés |